[Event "Madrid Codes Memorial 9th"]
[Site "Madrid"]
[Date "2015.05.17"]
[Round "6"]
[White "Renmans Caceres, Paul"]
[Black "Martin Garcia, Francisco Javier"]
[Result "1-0"]
[WhiteElo "1582"]
[BlackElo "1576"]
[PlyCount "87"]
[EventDate "2015.03.29"]
[EventType "swiss"]
[EventRounds "9"]
[EventCountry "ESP"]
[SourceTitle "EXT 2019"]
[Source "ChessBase"]
[SourceDate "2018.10.10"]
[SourceVersion "1"]
[SourceVersionDate "2018.10.10"]
[SourceQuality "1"]

1. d4 Nf6 2. c4 c5 3. d5 b5 4. cxb5 a6 5. e3 e6 6. dxe6 fxe6 7. Nc3 d5 8. Nf3 Bd6 9. bxa6 Bxa6 10. Bxa6 Rxa6 11. 0-0 0-0 12. Qe2 Qb6 13. a4 Nc6 14. Nb5 Nb4 15. Nxd6 Qxd6 16. Bd2 Rb8 17. Bc3 Rba8 18. Bxb4 cxb4 19. b3 Ne4 20. Rfc1 Nc3 21. Qd3 Rc6 22. Nd4 Rcc8 23. Nb5 Nxb5 24. Qxb5 Rc3 25. Rxc3 bxc3 26. Qd3 Rc8 27. Qc2 Qb4 28. g3 d4 29. exd4 Qxd4 30. Rd1 Qb4 31. Kg2 Rc5 32. Rd8+ Kf7 33. Rd1 Rd5 34. Kf1 Rxd1+ 35. Qxd1 e5 36. Qc2 Qd4 37. a5 e4 38. a6 Ke7 39. Ke2 Kd7 40. a7 Qxa7 41. Qxc3 Qa2+ 42. Qd2+ Qxd2+ 43. Kxd2 Kd6 44. Ke3 1-0